[Event "GER-ch U25-C"]
[Site "Willingen"]
[Date "2023.06.01"]
[Round "7"]
[White "Fischermann, Charlotte"]
[Black "Moissl, Julian"]
[Result "1-0"]
[WhiteElo "1303"]
[BlackElo "1160"]
[PlyCount "85"]
[EventDate "2023.05.27"]
[EventType "swiss"]
[EventRounds "9"]
[EventCountry "GER"]
[SourceTitle "CBM 214 Extra"]
[Source "ChessBase"]
[SourceDate "2023.07.31"]
[SourceVersion "1"]
[SourceVersionDate "2023.07.31"]
[SourceQuality "1"]

1. e4 e5 2. Nf3 Nc6 3. Bc4 Bc5 4. c3 Nf6 5. d4 Bd6 6. dxe5 Nxe5 7. Nxe5 Bxe5 8. f4 Nxe4 9. Qd5 0-0 10. fxe5 Qh4+ 11. g3 Qg4 12. Bf4 c6 13. Qxe4 d5 14. Qe2 dxc4 15. Qxg4 Bxg4 16. h3 Bf3 17. Rg1 Rad8 18. Nd2 Bd5 19. Kf2 Rd7 20. b3 b5 21. Rad1 Rfd8 22. b4 Be6 23. g4 Rd3 24. Rg3 Rxg3 25. Kxg3 Rd3+ 26. Kf2 Rxc3 27. Nb1 Rd3 28. Rxd3 cxd3 29. a3 Kf8 30. Ke3 Ke7 31. Kxd3 Kd7 32. Nc3 Kc7 33. Be3 Kb7 34. Ne4 Bc4+ 35. Kc3 Bd5 36. Nc5+ Kc7 37. h4 Bf3 38. g5 g6 39. e6 Kd6 40. exf7 Ke7 41. Na6 Kxf7 42. Bxa7 Ke7 43. Be3 1-0

[Event "GER-ch U25-C"]
[Site "Willingen"]
[Date "2023.05.30"]
[Round "4"]
[White "Hellmann, Alexander"]
[Black "Fischermann, Charlotte"]
[Result "1-0"]
[WhiteElo "1156"]
[BlackElo "1303"]
[PlyCount "93"]
[EventDate "2023.05.27"]
[EventType "swiss"]
[EventRounds "9"]
[EventCountry "GER"]
[SourceTitle "CBM 214 Extra"]
[Source "ChessBase"]
[SourceDate "2023.07.31"]
[SourceVersion "1"]
[SourceVersionDate "2023.07.31"]
[SourceQuality "1"]

1. e4 e5 2. Nf3 Nc6 3. Bc4 Bc5 4. c3 Nf6 5. d4 exd4 6. e5 Ng4 7. cxd4 Bb4+ 8. Nc3 h6 9. h3 Nxf2 10. Kxf2 f6 11. Re1 fxe5 12. Nxe5 Qf6+ 13. Qf3 Qxf3+ 14. Nxf3+ Ne7 15. Bf4 c6 16. a3 Ba5 17. Bd6 Bxc3 18. bxc3 Kd8 19. Bxe7+ Kc7 20. Bb4 d5 21. Bd3 Bd7 22. Re7 g5 23. Bf5 Rad8 24. Ne5 Rhf8 25. Rxd7+ Rxd7 26. Bxf8 Rd8 27. Bxh6 Kd6 28. Bxg5 Rf8 29. g4 c5 30. h4 b6 31. h5 a5 32. Rb1 Kc7 33. h6 Re8 34. h7 cxd4 35. cxd4 Rh8 36. Bf6 Rf8 37. Rc1+ Kb8 38. Nd7+ Ka7 39. Nxf8 Kb7 40. h8Q Ka6 41. Bc8+ Kb5 42. Qg8 Ka4 43. Bd7+ Kxa3 44. Be7+ Kb2 45. Qg5 a4 46. Qd2+ Kb3 47. Qc2# 1-0